Vista completa de documento

STA |a MIBE-2019
FMT BK
LDR      nab  22      i 4500
001 000468038
005 20191227123417.0
006 m        d        
007 cr nuu---uuuuu
008 191227s2019    xxua          000 0 eng d
0248 |a WOS:000495998800002 |q DT1805
0247 |a 10.1111/jmcb.12621 |2 doi
040 |a ES-MaBBE
084 |a E12
084 |a E44
084 |a E58
098 |a G52 |e Riesgos y liquidez
098 |a C3 |e Métodos Econométricos y Estadísticos
098 |a E3 |e Política monetaria
098 |a E4 |e Bancos centrales y otras autoridades monetarias
1001 |a Abbate, Angela
24510 |a Monetary policy and the asset risk-taking channel |h [Recurso electrónico] / |c Angela Abbate, Dominik Thaler.
500 |a Artículo de revista
506 |a Acceso electrónico RESTRINGIDO por IP a los usuarios de la Biblioteca del Banco de España
5203 |a How important is the risk-taking channel for monetary policy? To answer this question, we develop and estimate a quantitative monetary DSGE model where banks choose excessively risky investments, due to an agency problem that distorts banks' incentives. As the real interest rate declines, these distortions become more important and excessive risk taking increases, lowering the efficiency of investment. We show theoretically that this novel transmission channel generates a new monetary policy trade-off between inflation and real interest rate stabilization, whereby the central bank may prefer to tolerate greater inflation volatility in order to lower excessive risk taking. [Resumen de la editorial] |9 [eng]
65310 |a Bank risk
65310 |a Monetary policy
65310 |a DSGE models
7001 |a Thaler, Dominik
7730 |t Journal of Money, Credit and Banking [Artículos] |g v. 51, n. 8, December 2019, p. 2115-2144
8564 |z Acceso al texto completo |u https://login.ezproxy-bde.greendata.es/login?url=https://onlinelibrary.wiley.com/doi/10.1111/jmcb.12621
LKR |a PAR |b 000360862 |l NSB01 |m Journal of money, credit and banking, v. 51, n. 8, December 2019, p. 2115-2144 |n Documentos de Trabajo / Banco de España; 1805
TYP |a Artículo
TYP |a Recurso electronico
TYP |a EL |b Acceso
SYS 000468038

2013 Banco de España, Madrid, España. Reservados todos los derechos
Basado en Ex Libris (© 2009 Ex Libris)

Contacto